[Event "FIDE World Cup"]
[Site "Baku"]
[Date "2015.09.13"]
[Round "1.5"]
[White "Lysyj, Igor"]
[Black "Lupulescu, Constantin"]
[Result "1-0"]
[WhiteElo "2671"]
[BlackElo "2626"]
[PlyCount "117"]
[EventDate "2015.09.11"]
[EventType "k.o."]
[EventRounds "7"]
[EventCountry "AZE"]
[SourceTitle "CBM 169"]
[Source "ChessBase"]
[SourceDate "2015.11.10"]
[SourceVersion "1"]
[SourceVersionDate "2015.11.10"]
[SourceQuality "1"]

1. d4 d5 2. c4 e6 3. Nf3 c6 4. g3 dxc4 5. Bg2 b5 6. Ne5 Bb7 7. O-O Nd7 ({RR} 7... Nf6 8. b3 cxb3 9. Qxb3 Be7 10. Nc3 a6 11. Rd1 Qc8 12. Bg5 Nbd7 13. Rac1 O-O 14. Ne4 Nxe4 15. Bxe7 Re8 16. Nxc6 Bxc6 17. Bxe4 Bxe4 18. Rxc8 Raxc8 19. Qa3 Nb6 20. Bc5 Na4 21. f3 Bd5 22. Rc1 {Le,Q (2728)-Carlsen,M (2859) chess24.com INT 2022 1-0 (51)}) ({RR} 7... Nf6 8. a4 a6 9. b3 cxb3 10. Qxb3 Nd5 11. Nd2 Be7 12. Ndf3 O-O 13. e4 Nb6 14. Bh3 Bc8 15. a5 Na4 16. Rd1 c5 17. d5 exd5 18. Rxd5 Qc7 19. Bxc8 Qxc8 20. Bg5 Ra7 21. Rad1 c4 22. Qe3 {Manko,M (2264)-Berzina,I (2161) Weissenhorn GER 2026 0-1 (41)}) 8. Nc3 ({RR} 8. Nxc6 Qb6 9. Be3 Ngf6 10. d5 Bc5 11. dxe6 Bxc6 12. exd7+ Nxd7 13. Bxc5 Nxc5 14. Qd6 Bxg2 15. Qe5+ Ne6 16. Kxg2 O-O 17. Nc3 a6 18. Rfd1 Rfe8 19. a4 Nc5 20. Rd6 Qb7+ 21. Qd5 b4 22. Qxb7 Nxb7 {Lysyj,I (2671)-Lupulescu,C (2626) Baku 2015 ½-½}) 8... Qc8 9. b3 cxb3 $146 ({RR} 9... b4 10. Nxd7 Qxd7 11. Na4 Rd8 12. bxc4 c5 13. Bxb7 Qxb7 14. Nxc5 Bxc5 15. Qa4+ Qd7 16. Qxd7+ Kxd7 17. dxc5 Kc6 18. a3 b3 19. Rb1 Nf6 20. Rxb3 Ne4 21. Rb2 Rb8 22. f3 Nxc5 23. Rd1 Rhd8 24. Rxd8 {Anand,B (2312)-Ufimtsev,E (2137) Paracin 2022 1-0 (32)}) ({RR} 9... b4 10. Nxd7 Qxd7 11. Na4 Rd8 12. bxc4 c5 13. Bxb7 Qxb7 14. Nxc5 Bxc5 15. Qa4+ Qd7 16. Qxd7+ Kxd7 17. dxc5 Kc6 18. a3 b3 19. Rb1 Nf6 20. Rxb3 Ne4 21. Rb2 Rb8 22. f3 Nxc5 23. Rd1 Rhd8 24. Rxd8 {Anand,B (2312)-Ufimtsev,E (2137) Paracin 2022 1-0 (32)}) 10. Ne4 Ngf6 11. Nxf7 Kxf7 12. Ng5+ Ke8 13. Qxb3 Nb6 14. Bh3 Qc7 15. Nxe6 Qf7 16. e4 Bc8 17. Bf4 Bxe6 18. Bxe6 Qe7 19. Rac1 Nc4 20. Bxc4 bxc4 21. Qxc4 Qd7 22. Qxc6 Qxc6 23. Rxc6 Be7 24. d5 Bd8 25. f3 Bb6+ 26. Kg2 Kf7 27. Rfc1 Rhd8 28. g4 Ne8 29. Be5 Rd7 30. f4 Rad8 31. Kf3 Nd6 32. a4 Nb7 33. h4 Na5 34. R6c3 Nb7 35. h5 Nd6 36. Rc6 Nb7 37. g5 Nd6 38. R1c2 Nb7 39. g6+ Kg8 40. Bc7 Bxc7 41. Rxc7 hxg6 42. hxg6 Kf8 43. e5 Ke8 44. d6 Na5 45. R2c3 a6 46. Kg4 Rb8 47. Rxd7 Kxd7 48. Rc7+ Ke6 49. Re7+ Kd5 50. Rxg7 Nc4 51. Rf7 Ke6 52. Rf6+ Kd7 53. Kg5 Rb1 54. Rf7+ Ke8 55. Re7+ Kd8 56. g7 Rg1+ 57. Kf6 Ne3 58. Ra7 Ng4+ 59. Ke6 1-0

[Event "FIDE Grand Swiss 2025"]
[Site "Samarkand UZB"]
[Date "2025.09.11"]
[Round "7.39"]
[White "Sargissian, G."]
[Black "Fedoseev, Vl3"]
[Result "0-1"]
[WhiteElo "2626"]
[BlackElo "2731"]
[PlyCount "115"]
[EventDate "2025.09.04"]

1. d4 d5 2. c4 e6 3. Nf3 Nf6 4. g3 Bb4+ 5. Bd2 Be7 6. Bg2 O-O ({RR} 6... c6 7. Qc2 O-O {½-½ (11) Ghaem Maghami,E (2597)-Zhang,Z (2632) Manila 2008}) 7. O-O c6 8. Qc2 b6 9. Bf4 Bb7 10. Rd1 Nbd7 11. Nc3 ({RR} 11. Nbd2 c5 12. Bg5 Rc8 13. b3 h6 14. Bxf6 Nxf6 15. Qb2 Qc7 16. Rac1 Qb8 17. cxd5 Bxd5 18. Nc4 Rfd8 19. dxc5 Bxc5 20. Qe5 Bxf2+ 21. Kf1 Bc5 22. Qxb8 Rxb8 23. Nfe5 Rbc8 24. h3 b5 25. Na5 Bxg2+ {Garcia Comas,P (1886)-Gomez Flores,P (2042) Llinars del Valles ESP 2026 0-1 (68)}) 11... Qc8 12. cxd5 cxd5 13. Rac1 a6 $146 ({RR} 13... Nh5 14. Bd2 a6 15. Ne5 Nhf6 16. Qb3 Qb8 17. Bg5 Bd6 18. Bxf6 Nxf6 19. Na4 Bxe5 20. dxe5 Qxe5 21. Qxb6 Rab8 22. Bf3 g5 23. Qd4 Qxd4 24. Rxd4 Rfc8 25. Rxc8+ Rxc8 26. Nc3 a5 27. Bg2 Ba6 28. f4 {Cvitan,O (2550)-Godena,M (2545) Switzerland 1997 1-0 (55)}) 14. Ne5 b5 15. a4 Nxe5 16. dxe5 Nd7 17. axb5 g5 18. Be3 Nxe5 19. Bd4 Ng6 20. b6 Qd7 21. Na4 Rfc8 22. Qb3 Bc6 23. Rxc6 Rxc6 24. e4 Rc4 25. Nc3 Rb4 26. Qa2 dxe4 27. Be3 Qe8 28. Bxe4 Rd8 29. Rxd8 Qxd8 30. Qxa6 f5 31. b7 fxe4 32. Qxe6+ Kg7 33. Qc8 Rxb2 34. Ba7 Qd2 35. b8=Q Rxb8 36. Bxb8 e3 37. fxe3 Qxe3+ 38. Kg2 Qd2+ 39. Kf1 Qc1+ 40. Kg2 Qb2+ 41. Kf1 Qxh2 42. Ne2 Qh1+ 43. Kf2 Qd5 44. Qc3+ Kh6 45. Ba7 Ne5 46. Bd4 Bb4 47. Qc8 Qf7+ 48. Kg1 Nf3+ 49. Kg2 Qd5 50. Qa6+ Kh5 51. g4+ Kxg4 52. Qc8+ Kh5 53. Kh3 Ng1+ 54. Kh2 Nxe2 55. Qh3+ Kg6 56. Qd3+ Qf5 57. Qa6+ Kf7 58. Qc4+ 0-1

[Event "Global Chess League 2023"]
[Site "Dubai UAE"]
[Date "2023.06.28"]
[Round "7.3"]
[White "Wei Yi"]
[Black "Dubov, Daniil"]
[Result "1-0"]
[WhiteElo "2722"]
[BlackElo "2716"]
[PlyCount "113"]
[EventDate "2023.06.22"]
[WhiteTeam "Triveni Continental Kings"]
[BlackTeam "Chingari Gulf Titans"]

1. d4 d5 2. c4 e6 3. Nf3 Nf6 4. g3 Bb4+ 5. Bd2 a5 6. Bg2 O-O 7. Qc2 c5 8. dxc5 d4 9. Bxb4 axb4 10. O-O Nc6 11. Nbd2 e5 12. Ng5 ({RR} 12. Ne4 Bf5 13. Nfd2 Nd7 14. Qc1 Bxe4 15. Nxe4 Qe7 16. a3 bxa3 17. Rxa3 Rxa3 18. bxa3 f5 19. Qb1 fxe4 20. Qxb7 Nd8 21. Qb4 Nf6 {0-1 (21) Tabatabaei,M (2629)-Matlakov,M (2685) Chess.com INT 2020}) 12... Qe7 13. Bd5 $146 ({RR} 13. Rfd1 Bg4 14. Nde4 Nxe4 15. Nxe4 f5 16. Nd6 e4 17. f3 d3 18. Qd2 Bh5 19. g4 fxg4 20. fxe4 dxe2 21. Qxe2 Ne5 22. Rd5 Bf7 23. Rd2 Be6 24. b3 h5 25. Rf1 Qg5 26. Rdd1 Nf3+ 27. Kh1 Nxh2 {Shoboev,D (2273)-Aleksandrov,A (2395) Moscow RUS 2025 0-1 (33)}) ({RR} 13. Nge4 Nxe4 14. Nxe4 Be6 15. a3 bxa3 16. Rxa3 Rxa3 17. bxa3 Na5 18. Rb1 h6 19. Nd6 Qc7 20. Rb5 Bd7 21. Bd5 Bxb5 22. cxb5 d3 23. exd3 b6 24. d4 exd4 25. Qg6 Qxc5 26. Bxf7+ Kh8 27. Ba2 Qc7 {Karpenko,A (2121)-Kleschevnikov,A (2227) Odintsovo RUS 2026 1-0 (42)}) 13... g6 14. Nge4 Bf5 15. Nxf6+ Qxf6 16. Ne4 Qe7 17. a3 Kg7 18. Bxc6 bxc6 19. axb4 Rab8 20. Ra4 h5 21. f3 h4 22. g4 Bxe4 23. Qxe4 f5 24. gxf5 gxf5 25. Qxc6 Rf6 26. Qd5 Rg6+ 27. Kh1 Kh6 28. Ra8 Rxa8 29. Qxa8 Kh7 30. f4 e4 31. Ra1 Rg7 32. Qd5 Qf6 33. Qd6 Qf7 34. Qxd4 Qh5 35. Qe3 h3 36. Rg1 Rg4 37. Rxg4 Qxg4 38. Qg3 Qh5 39. Kg1 Qf7 40. Qxh3+ Kg7 41. c6 Kg6 42. Qg3+ Kh7 43. Qh4+ Kg6 44. Qg5+ Kh7 45. c7 Qxc7 46. Qxf5+ Kh6 47. Qe6+ Kh7 48. Qxe4+ Kh6 49. Kf2 Qb6+ 50. c5 Qf6 51. f5 Qxb2 52. c6 Kh5 53. h3 Kg5 54. c7 Kh6 55. Qh4+ Kg7 56. Qg5+ Kf7 57. Qg6+ 1-0

[Event "FIDE World Cup"]
[Site "Baku"]
[Date "2015.09.13"]
[Round "1.4"]
[White "Vidit, Santosh Gujrathi"]
[Black "Bruzon Batista, Lazaro"]
[Result "0-1"]
[WhiteElo "2651"]
[BlackElo "2659"]
[PlyCount "114"]
[EventDate "2015.09.11"]
[EventType "k.o."]
[EventRounds "7"]
[EventCountry "AZE"]
[SourceTitle "CBM 169"]
[Source "ChessBase"]
[SourceDate "2015.11.10"]
[SourceVersion "1"]
[SourceVersionDate "2015.11.10"]
[SourceQuality "1"]

1. Nf3 d5 2. c4 e6 3. b3 Nf6 4. Bb2 Be7 5. e3 O-O 6. d4 c5 7. Bd3 cxd4 8. exd4 b6 9. O-O Bb7 10. Nbd2 Nbd7 11. Qe2 Rc8 12. Rad1 ({RR} 12. Rac1 Rc7 13. Ne5 dxc4 14. bxc4 Nxe5 15. dxe5 Nd7 16. Ne4 Bxe4 17. Bxe4 Nc5 18. Bc2 Rd7 19. Rcd1 Rxd1 20. Rxd1 Qc7 21. h4 Rd8 22. h5 Rxd1+ 23. Qxd1 Qd8 24. Qxd8+ Bxd8 25. Ba3 Be7 26. g3 g6 {Praggnanandhaa,R (2767)-Duda,J (2725) Zagreb CRO 2025 ½-½ (108)}) ({RR} 12. Rfd1 Rc7 13. Nf1 Qa8 14. Ne3 Nh5 15. Ng5 Bxg5 16. Qxh5 h6 17. Ba3 Rd8 18. Qe2 Nf6 19. c5 bxc5 20. Bxc5 Rxc5 21. dxc5 d4 22. Nc4 Bxg2 23. f4 Bf3 24. Qf2 Bxf4 25. Rf1 Bh1 26. Rae1 e5 {Ashwath Kaushik (2264)-Raja,H (2453) Budapest HUN 2025 0-1 (55)}) ({RR} 12. Rac1 g6 13. Rfd1 Re8 14. Nf1 Bf8 15. Ne3 Bg7 16. Ne5 dxc4 17. Bxc4 Nb8 18. Bb5 Rxc1 19. Rxc1 Re7 20. Qc4 Nd5 21. Nxd5 exd5 22. Qc3 Qd6 23. Qg3 Rc7 24. Re1 Bf8 25. Ba3 Qxa3 26. Nxg6 hxg6 {Panjwani,R (2388)-Bruzon Batista,L (2643) Calgary 2016 1-0 (36)}) 12... g6 $146 ({RR} 12... Qc7 13. Ne5 dxc4 14. Ndxc4 Nd5 15. f4 g6 16. Nxd7 Qxd7 17. a4 Qc7 18. Qf2 Nb4 19. Bb1 Bd5 20. Rc1 Qb7 21. Rfe1 Rc7 22. g4 Qc8 23. f5 Qd8 24. Rf1 Bh4 25. Qe2 exf5 26. Ne5 Rxc1 27. Bxc1 {Gutkin,B (2250)-Balashov,Y (2437) Acqui Terme 2017 0-1 (40)}) ({RR} 12... Qc7 13. Ne5 Rfe8 14. f4 g6 15. Ndf3 Nxe5 16. fxe5 Nd7 17. Qe3 f5 18. Rf2 a6 19. Rc1 Qd8 20. cxd5 Bxd5 21. Bxa6 Ra8 22. Qd3 Bg5 23. Nxg5 Qxg5 24. Rc7 Re7 25. Bc1 Qh4 26. Rc3 Kg7 27. a4 {Zeitlein,M (2490)-Polgar,S (2425) Rimavska Sobota 1991 1-0 (36)}) 13. Ne5 dxc4 14. Bxc4 Nd5 15. f4 N7f6 16. a4 Rc7 17. Rf3 Bb4 18. Rdf1 a6 19. Nb1 Qc8 20. Rg3 Re8 21. Rh3 Bf8 22. Nd2 Bg7 23. Ba3 Qd8 24. Bb2 Qc8 25. g4 b5 26. axb5 axb5 27. Bxb5 Rd8 28. Bc4 Nb6 29. Bd3 Ba8 30. f5 exf5 31. gxf5 Qb7 32. Ndf3 Nbd5 33. Bc1 Rxc1 34. Rxc1 Nf4 35. Qf1 Nxh3+ 36. Qxh3 Qxb3 37. fxg6 hxg6 38. Rc8 Rf8 39. Nxg6 Qd1+ 40. Kf2 Re8 41. Nge5 Bxf3 42. Rxe8+ Nxe8 43. Qc8 Kf8 44. Qc5+ Kg8 45. Qe7 Bh5 46. Qxe8+ Bf8 47. Qd8 Qd2+ 48. Kg3 Kg7 49. Be4 Qe1+ 50. Kf4 Qd2+ 51. Kf5 Ba3 52. Qf6+ Kg8 53. Qd8+ Kg7 54. Qf6+ Kg8 55. Nd7 Bg6+ 56. Ke5 Qa5+ 57. Bd5 Qc7+ 0-1

[Event "EU-Cup 17th"]
[Site "Panormo"]
[Date "2001.09.27"]
[Round "5.1"]
[White "Ivanchuk, Vassily"]
[Black "Beliavsky, Alexander G"]
[Result "1-0"]
[WhiteElo "2731"]
[BlackElo "2659"]
[PlyCount "111"]
[EventDate "2001.09.22"]
[EventType "team-swiss"]
[EventRounds "7"]
[EventCountry "GRE"]
[SourceTitle "CBM 084 Extra"]
[Source "ChessBase"]
[SourceDate "2001.10.26"]
[SourceVersion "1"]
[SourceVersionDate "2001.10.26"]
[SourceQuality "1"]
[WhiteTeam "Warsaw Polonia"]
[BlackTeam "Graz Merkur"]
[WhiteTeamCountry "POL"]
[BlackTeamCountry "AUT"]

1. d4 Nf6 2. Nf3 d5 3. c4 e6 4. Bg5 Be7 5. e3 h6 6. Bh4 O-O 7. Nbd2 Nbd7 ({RR} 7... c5 8. dxc5 Bxc5 9. cxd5 exd5 10. Bd3 Nc6 11. O-O Bg4 12. h3 Be6 13. Rc1 Be7 14. Nb3 Qb6 15. Bb1 Rfe8 16. a3 Rad8 17. Qd3 Ne4 18. Bxe7 Nxe7 19. Nfd4 Ng6 20. Rfd1 Bd7 21. Qe2 Ba4 22. Bxe4 {Bobkov,V (2237)-Hamedi Nia,V (1941) chess.com INT 2024 1-0 (47)}) 8. Be2 $146 ({RR} 8. Bd3 c5 9. O-O b6 10. cxd5 Nxd5 11. Bg3 Bb7 12. Rc1 cxd4 13. e4 Nb4 14. Bc7 Qe8 15. Bb5 Ba6 16. Bxa6 Nxa6 17. Nxd4 Nxc7 18. Rxc7 Nc5 19. Nc4 Rd8 20. Rxa7 Kh8 21. e5 b5 22. Na5 Na4 {Naidenov,N-Neikirkh,O Sofia 1947 ½-½ (37)}) ({RR} 8. Rc1 c5 9. cxd5 Nxd5 10. Bxe7 Qxe7 11. Nb3 cxd4 12. Qxd4 N7f6 13. Be2 Bd7 14. O-O Rfd8 15. a3 Be8 16. h3 a6 17. Rfd1 Rac8 18. Rxc8 Rxc8 19. Ne5 Qc7 20. Rc1 Qd8 21. Rxc8 Qxc8 22. Qc5 Qd8 {Le,Q (2737)-Sargissian,G (2672) Riadh 2017 1-0 (55)}) ({RR} 8. cxd5 exd5 9. Qc2 a6 10. Be2 Re8 11. O-O c6 12. a3 Nf8 13. b4 Bg4 14. Bd3 Bh5 15. Rab1 Ne4 16. Bg3 Bxf3 17. Nxf3 Bd6 18. a4 Bxg3 19. hxg3 Nd7 20. Rfc1 Rc8 21. Qb3 b5 22. Bxe4 Rxe4 {Speelman,J (2539)-Short,N (2676) Gibraltar 2006 ½-½}) 8... c5 9. O-O cxd4 10. Nxd4 Ne5 11. Rc1 Nc6 12. N2f3 Bd7 13. Nxc6 Bxc6 14. Ne5 Qb6 15. Qc2 Rfc8 16. cxd5 Nxd5 17. Bh5 Rf8 18. Bxe7 Nxe7 19. Qc5 Qxc5 20. Rxc5 g6 21. Nxc6 bxc6 22. Bf3 Rfd8 23. Rc2 Rab8 24. g3 Kf8 25. Rfc1 Rb6 26. Re2 Ke8 27. Kf1 Rd7 28. Ke1 Kd8 29. Rc5 Kc7 30. Rec2 Rd6 31. Ra5 Kb7 32. Ra4 Rb5 33. Be2 Rb6 34. Rf4 f5 35. Rh4 Ng8 36. h3 g5 37. Ra4 Nf6 38. a3 Nd7 39. b4 Ne5 40. Rc3 Rd5 41. f4 gxf4 42. exf4 Nd7 43. Bf3 Rd6 44. Ra5 a6 45. Ke2 Rb5 46. Rd3 Rxd3 47. Kxd3 Kb6 48. g4 fxg4 49. hxg4 c5 50. Kc4 Rxa5 51. bxa5+ Kc7 52. a4 Kd6 53. Bb7 e5 54. g5 hxg5 55. fxg5 e4 56. Bxe4 1-0

[Event "Titled Tue 1st Aug Late"]
[Site "chess.com INT"]
[Date "2023.08.01"]
[Round "8"]
[White "Andreikin, D."]
[Black "Sjugirov, S."]
[Result "1-0"]
[WhiteElo "2729"]
[BlackElo "2705"]
[PlyCount "111"]
[EventDate "2023.08.01"]

1. d4 {Baldauf,Marco} Nf6 2. c4 e6 3. Nf3 d5 4. Bg5 Nbd7 5. e3 h6 6. Bh4 Be7 ({RR} 6... Bb4+ 7. Nbd2 g5 8. Bg3 Ne4 9. a3 Nxg3 10. hxg3 Bxd2+ 11. Qxd2 Qf6 12. cxd5 exd5 13. Rc1 c6 14. b4 g4 15. Ng1 Nf8 16. b5 Bd7 17. bxc6 Bxc6 18. Bd3 h5 19. Qb4 a6 20. Ne2 Ng6 21. Qb6 {Aliyev,E (2108)-Gece,U (2022) Denizli TUR 2026 1-0 (55)}) ({RR} 6... Bb4+ 7. Nbd2 O-O 8. a3 Bxd2+ 9. Nxd2 c5 10. dxc5 dxc4 11. Bxc4 Nxc5 12. O-O b6 13. b4 Ncd7 14. Ne4 Bb7 15. Nd6 Bc6 16. b5 Bd5 17. Bxd5 exd5 18. a4 Ne5 19. Nf5 Ng6 20. Bg3 Qd7 21. Nd4 {Andreikin,D (2729)-Rasulov,V (2539) chess.com INT 2024 1-0 (62)}) 7. Nbd2 ({RR} 7. Qc2 O-O 8. cxd5 Nxd5 9. Bxe7 Qxe7 10. Bc4 N5f6 11. Nc3 c5 12. O-O cxd4 13. Nxd4 Ne5 14. Be2 Bd7 15. Qb3 Rab8 16. a4 Rfc8 17. a5 Nc6 18. Rfd1 Nxd4 19. Rxd4 Bc6 20. Bb5 a6 21. Bxc6 Rxc6 {Mamedyarov,S (2817)-Karjakin,S (2753) Kolkata 2018 ½-½}) 7... O-O 8. Be2 c5 9. dxc5 $146 ({RR} 9. O-O b6 10. cxd5 Nxd5 11. Bg3 Bb7 12. Nc4 N7f6 13. dxc5 Bxc5 14. Nfd2 Rc8 15. e4 ({RR} 15. Qb3) 15... Ne7 16. e5 Ne4 17. Nxe4 Bxe4 18. Nd6 Bxd6 19. exd6 Nf5 20. Qa4 Bd5 21. d7 Rc5 ({RR} 21... Nxg3 22. hxg3 Rc7 23. Bb5) 22. b4 Nxg3 23. hxg3 Rc7 {Eljanov,P (2765)-Karjakin,S (2779) Shamkir 2016 CBM 173 [Baldauf,Marco] ½-½ (41)}) 9... Nxc5 10. O-O b6 11. Nd4 Bb7 12. Bf3 Nfe4 13. Bxe7 Qxe7 14. cxd5 Bxd5 15. Nxe4 Nxe4 16. Rc1 Rac8 17. Qe2 Qb7 18. h3 Nf6 19. Bxd5 Qxd5 20. Qa6 Qd7 21. a4 Ne4 22. Nb5 Nc5 23. Qxa7 Qxa7 24. Nxa7 Ra8 25. Nc6 Rxa4 26. Rfd1 Rfa8 27. b4 Nb3 28. Rb1 Ra1 29. Ne5 Rxb1 30. Rxb1 Nd2 31. Rc1 Ne4 32. f3 Ng3 33. Kh2 Nf5 34. e4 Ne3 35. Rc3 Nf1+ 36. Kg1 Ng3 37. Kf2 Nh1+ 38. Kg1 Ng3 39. Kf2 Nh1+ 40. Ke3 Ra2 41. Rc8+ Kh7 42. Nxf7 Rxg2 43. Rc6 Rb2 44. Rxb6 Nf2 45. h4 Nd1+ 46. Kd4 Rb3 47. Ne5 Ne3 48. Rxe6 Ng2 49. Kc4 Rb1 50. Ng6 Ne3+ 51. Kd3 Ng2 52. h5 Rh1 53. Re5 Rh3 54. Ke2 Rh2 55. Kf2 Nh4+ 56. Kg3 1-0

[Event "Titled Tue 24th Jan Late"]
[Site "chess.com INT"]
[Date "2023.01.24"]
[Round "8"]
[White "Nakamura, Hi"]
[Black "Yu Yangyi"]
[Result "1-0"]
[WhiteElo "2768"]
[BlackElo "2729"]
[PlyCount "111"]
[EventDate "2023.01.24"]

1. Nf3 d5 2. e3 Nf6 3. c4 e6 4. d4 Bd6 5. Nc3 O-O 6. c5 ({RR} 6. Bd3 b6 7. cxd5 exd5 8. O-O c5 9. Ne5 Re8 10. f4 Ba6 11. Bxa6 Nxa6 12. Bd2 Nc7 13. Be1 cxd4 14. exd4 Ne4 15. Qf3 Nxc3 16. Bxc3 f6 17. Ng4 Qd7 18. f5 Re4 19. Rae1 Rae8 20. g3 a5 {Caruana,F (2796)-Firouzja,A (2744) chess.com INT 2024 1-0 (68)}) ({RR} 6. Bd3 dxc4 7. Bxc4 Nc6 8. O-O e5 9. d5 Ne7 10. e4 a6 11. Re1 Ng6 12. h3 Nh5 13. Bf1 Ngf4 14. Kh2 Bc5 15. Be3 Bxe3 16. Rxe3 Qd6 17. Rc1 Bd7 18. Nd2 Qh6 19. Nc4 Rae8 20. d6 c5 {Tudor,H (2460)-Bluebaum,M (2694) chess.com INT 2026 0-1 (73)}) ({RR} 6. Be2 dxc4 7. Bxc4 Nc6 8. O-O e5 9. h3 Qe7 10. a3 Bf5 11. Re1 e4 12. Nd2 h5 13. Nd5 Nxd5 14. Bxd5 Qh4 15. f4 Bxh3 16. Nxe4 Bg4 17. Qd2 Nxd4 18. exd4 Bxf4 19. Qf2 Qh2+ 20. Kf1 Bxc1 {Nakamura,H (2810)-Bluebaum,M (2679) chess.com INT 2026 1-0 (33)}) 6... Be7 7. b4 b6 8. a3 $146 ({RR} 8. Bb2 c6 9. a3 Qc7 10. Bd3 Ba6 11. Ne5 Bxd3 12. Nxd3 Nbd7 13. O-O a5 14. Qc2 Qb7 15. h3 h6 16. Rfb1 axb4 17. axb4 Rxa1 18. Rxa1 Ra8 19. Rxa8+ Qxa8 20. Qa4 Qxa4 21. Nxa4 b5 22. Nc3 Ne4 {Andreikin,D (2729)-Yu Yangyi (2729) chess.com INT 2023 1-0 (50)}) 8... c6 9. Bd3 Ba6 10. O-O Qc7 11. Bxa6 Nxa6 12. Qd3 Nb8 13. Bd2 Nbd7 14. Rfc1 bxc5 15. bxc5 e5 16. Qf1 e4 17. Ne1 Ng4 18. g3 h5 19. Rab1 Rfb8 20. Nc2 Nf8 21. Nb4 Qd7 22. Qa6 Rc8 23. Qe2 Nh7 24. f3 exf3 25. Qxf3 Ng5 26. Qe2 Re8 27. Rf1 Bf6 28. Nc2 Re7 29. Qd3 Rae8 30. Qf5 Re6 31. Kg2 g6 32. Qf4 Nh7 33. h4 Bg7 34. Rb8 Bh6 35. Rxe8+ Qxe8 36. Qf3 Bxe3 37. Be1 Nhf6 38. Nd1 Bh6 39. Bf2 Ne4 40. Be1 Nef6 41. Bf2 Qb8 42. Nde3 Qb2 43. Nxg4 Nxg4 44. Nb4 Ne3+ 45. Kg1 Nxf1 46. Kxf1 a5 47. Nd3 Qc2 48. Ne5 Bg7 49. Qxf7+ Kh7 50. Qxe6 Qb1+ 51. Kg2 Qe4+ 52. Kg1 Qb1+ 53. Kh2 Qc2 54. Qf7 Kh6 55. Nxc6 Qe4 56. Ne7 1-0

[Event "Gashimov Memorial 6th"]
[Site "Shamkir"]
[Date "2019.04.07"]
[Round "7"]
[White "Mamedyarov, Shakhriyar"]
[Black "Ding, Liren"]
[Result "1/2-1/2"]
[WhiteElo "2790"]
[BlackElo "2812"]
[PlyCount "108"]
[EventDate "2019.03.31"]
[EventType "tourn"]
[EventRounds "9"]
[EventCountry "AZE"]
[EventCategory "22"]
[SourceTitle "CBM 190"]
[Source "ChessBase"]
[SourceDate "2019.06.30"]
[SourceVersion "1"]
[SourceVersionDate "2019.06.30"]
[SourceQuality "1"]

1. d4 Nf6 2. c4 e6 3. Nf3 d5 4. Bg5 dxc4 5. Qa4+ Nbd7 6. e4 Be7 ({RR} 6... a6 7. Bxc4 h6 8. Bxf6 Qxf6 9. O-O Rb8 10. e5 Qd8 11. Qc2 b5 12. Bxe6 fxe6 13. Qg6+ Ke7 14. d5 Rb6 15. Nc3 Qe8 16. Qc2 Kf7 17. Rfe1 Bb4 18. Nd4 Nf8 19. a3 Bxc3 20. Qxc3 Kg8 21. Rac1 {Mamedyarov,S (2817)-Sevian,S (2647) Chess.com INT 2019 0-1 (41)}) 7. Nc3 ({RR} 7. Nbd2 O-O 8. Qxc4 c5 9. Be2 cxd4 10. Qxd4 h6 11. Bh4 Nh5 12. e5 g5 13. Bg3 Nb6 14. Ne4 Qxd4 15. Nxd4 Nxg3 16. hxg3 Kg7 17. O-O-O Bd7 18. f4 Nd5 19. fxg5 hxg5 20. Nf3 Rac8+ 21. Kb1 Ba4 {Krasenkow,M (2478)-Dotzer,L (2502) Weissenhorn GER 2026 0-1 (73)}) 7... O-O ({RR} 7... a6 8. Bxc4 O-O 9. e5 Nb6 10. Qb3 Nfd7 11. Bxe7 Qxe7 12. Bd3 c5 13. dxc5 Nxc5 14. Bxh7+ Kxh7 15. Qxb6 Nd3+ 16. Kf1 Qb4 17. Qe3 Nxb2 18. Rb1 Kg8 19. Kg1 Rd8 20. Qc1 Nd3 21. Qg5 Qa5 22. h4 {Mamedyarov,S (2817)-Sarana,A (2630) Chess.com INT 2019 1-0}) 8. Bxc4 Nb6 $146 ({RR} 8... c5 9. Rd1 Nb6 10. Qb3 Nfd7 11. Be3 cxd4 12. Bxd4 Qc7 13. Be2 e5 14. Be3 Nc5 15. Qc2 Nca4 16. Bd2 Be6 17. O-O f6 18. Rc1 Nxc3 19. Bxc3 Rac8 20. Qb1 Qb8 21. h3 Na4 22. Bd2 b5 23. b3 {Kunin,V (2497)-Poetsch,H (2484) Munich GER 2025 1-0 (40)}) 9. Qb3 Nxc4 10. Qxc4 a6 11. O-O b5 12. Qe2 Bb7 13. Bxf6 Bxf6 14. Rfd1 Qe8 15. Qe3 e5 16. dxe5 Bxe5 17. Nxe5 Qxe5 18. f3 Rad8 19. Rxd8 Rxd8 20. Rd1 Rxd1+ 21. Nxd1 h6 22. Qc3 Qxc3 23. Nxc3 c5 24. a3 Kf8 25. b4 Ke7 26. Kf2 Kd6 27. Ke3 Bc8 28. f4 Be6 29. e5+ Kc6 30. h3 h5 31. Ne4 cxb4 32. axb4 Kd5 33. Nd6 h4 34. Ne8 g6 35. Nc7+ Kc4 36. Nxe6 fxe6 37. g4 hxg3 38. h4 Kd5 39. Kf3 Kc6 40. Kxg3 a5 41. bxa5 b4 42. h5 gxh5 43. f5 b3 44. f6 b2 45. f7 b1=Q 46. f8=Q Qg1+ 47. Kh3 Qg4+ 48. Kh2 Qe2+ 49. Kh3 Qxe5 50. Qb4 Qb5 51. Qe4+ Qd5 52. Qb4 Qb5 53. Qe4+ Qd5 54. Qb4 Qb5 1/2-1/2

[Event "Titled Tue 2nd Jul Early"]
[Site "chess.com INT"]
[Date "2024.07.02"]
[Round "6"]
[White "L'Ami, E."]
[Black "Anton Guijarro, D."]
[Result "1-0"]
[WhiteElo "2635"]
[BlackElo "2669"]
[PlyCount "107"]
[EventDate "2024.07.02"]

1. d4 d5 2. c4 e6 3. Nf3 c6 4. Bg5 Be7 5. Bxe7 Qxe7 6. Nbd2 Nf6 7. e3 ({RR} 7. g3 O-O 8. Bg2 b6 9. O-O Bb7 10. Ne5 Nbd7 11. Nxd7 Nxd7 12. Rc1 Rfd8 13. Qb3 Rab8 14. Rfd1 Nf6 15. Qa4 Ba8 16. b3 a5 17. c5 Nd7 18. cxb6 Qb4 19. Qxb4 axb4 20. e3 Rxb6 21. Nf3 Bb7 {Radjabov,T (2741)-Rapport,R (2692) Palma de Mallorca 2017 ½-½ (36)}) ({RR} 7. g3 O-O 8. Bg2 Nbd7 9. O-O a5 10. Qc2 a4 11. e4 dxe4 12. Nxe4 Nxe4 13. Qxe4 Qb4 14. Qc2 h6 15. a3 Qa5 16. Rfe1 Rb8 17. Rad1 Rd8 18. Re3 b6 19. Nd2 Bb7 20. Ne4 c5 21. d5 exd5 {Ruck,R (2507)-Nigmatov,O (2459) Tashkent UZB 2026 ½-½ (73)}) ({RR} 7. g3 O-O 8. Bg2 b6 9. O-O Bb7 10. Ne5 Nbd7 11. Nd3 c5 12. dxc5 Nxc5 13. Nxc5 Qxc5 14. cxd5 Bxd5 15. Rc1 Qb5 16. Bxd5 Qxd5 17. Nc4 Qh5 18. Ne3 Qb5 19. Qc2 h5 20. h4 Rac8 21. Qxc8 Rxc8 {Moksh,A (2366)-Anton Guijarro,D (2669) chess.com INT 2023 0-1 (31)}) 7... O-O 8. Be2 Rd8 $146 ({RR} 8... Nbd7 9. O-O e5 10. dxe5 Nxe5 11. cxd5 Nxd5 12. Nxe5 Qxe5 13. Nc4 Qf6 14. Qb3 Rb8 15. Qa3 Be6 16. Nd2 Rfd8 17. Ne4 Qe5 18. Bf3 Bf5 19. Ng3 Bg6 20. Rfd1 a6 21. Rd4 Nc7 22. Rxd8+ Rxd8 23. Qb3 {Schulze,H (1854)-Vojtech,J (2310) Bayern 1995 ½-½ (36)}) 9. O-O dxc4 10. Nxc4 c5 11. Qb3 b6 12. dxc5 Qxc5 13. Rfd1 Nc6 14. Rxd8+ Nxd8 15. Rd1 Bb7 16. Qa3 Qxa3 17. Nxa3 Kf8 18. Nd4 Ke7 19. f3 Nc6 20. Ba6 Bxa6 21. Nxc6+ Ke8 22. e4 Ng8 23. Kf2 Ne7 24. Nb4 Bb7 25. Nb5 Kf8 26. Rd7 Bc6 27. Nxc6 Nxc6 28. Rc7 a6 29. Rxc6 axb5 30. Rxb6 Rxa2 31. Rxb5 Ke7 32. h4 h5 33. Ke3 g6 34. Kf4 Kf6 35. Rb6 Ra5 36. b4 Ra2 37. g3 Ra3 38. b5 Rb3 39. e5+ Kg7 40. Rb8 Rb4+ 41. Ke3 Rb3+ 42. Ke4 Rb4+ 43. Kd3 Rb3+ 44. Kc4 Rxf3 45. b6 Rf1 46. Rd8 Rb1 47. Kc5 g5 48. hxg5 Kg6 49. Rd4 Kxg5 50. Rb4 Rc1+ 51. Kd6 Rc8 52. b7 Rg8 53. b8=Q Rxb8 54. Rxb8 1-0